00331nam a2200121Ia 4500008004000000020001800040082001700058100001600075245002800091260003600119300001200155650004200167210210b2000 xxu||||| |||| 00| 0 eng d a81 250 1754 2 a821.914 RAJP aRAJANI (P). aPoetry of Sylvia Plath. aHyderabadbOrient Longmanc2000 axiv,225 aPoetry Criticism English Sylvia Plath